Chăm sóc khách hàng Bưu điện
Cuốn sách gồm có 05 chương đề cập đến các vấn đề sau: Tìm hiểu môi trường kinh doanh Bưu chính, Viễn thông Việt Nam; Khách hàng Bưu điện; Tổng quan về chăm sóc khách hàng; Các hoạt động cần thiết để chăm sóc khách hàng; Tóm tắt nghiệp...
में बचाया:
| मुख्य लेखक: | |
|---|---|
| स्वरूप: | पुस्तक |
| भाषा: | Undetermined |
| प्रकाशित: |
Hà Nội
Bưu Điện
2008
|
| विषय: | |
| टैग : |
टैग जोड़ें
कोई टैग नहीं, इस रिकॉर्ड को टैग करने वाले पहले व्यक्ति बनें!
|
| Thư viện lưu trữ: | Trung tâm Học liệu Trường Đại học Cần Thơ |
|---|
| LEADER | 01043nam a2200205Ia 4500 | ||
|---|---|---|---|
| 001 | CTU_142345 | ||
| 008 | 210402s9999 xx 000 0 und d | ||
| 020 | |c 27000 | ||
| 082 | |a 383.0688 | ||
| 082 | |b H556 | ||
| 100 | |a Nguyễn, Quang Hưng | ||
| 245 | 0 | |a Chăm sóc khách hàng Bưu điện | |
| 245 | 0 | |c Nguyễn Quang Hưng | |
| 260 | |a Hà Nội | ||
| 260 | |b Bưu Điện | ||
| 260 | |c 2008 | ||
| 520 | |a Cuốn sách gồm có 05 chương đề cập đến các vấn đề sau: Tìm hiểu môi trường kinh doanh Bưu chính, Viễn thông Việt Nam; Khách hàng Bưu điện; Tổng quan về chăm sóc khách hàng; Các hoạt động cần thiết để chăm sóc khách hàng; Tóm tắt nghiệp vụ chăm sóc khách hàng của VNPT. | ||
| 650 | |a Postal service,Customer services,Dịch vụ bưu chính,Dịch vụ khách hàng | ||
| 904 | |i Trọng Hiếu | ||
| 980 | |a Trung tâm Học liệu Trường Đại học Cần Thơ | ||